000 00433nam a2200145Ia 4500
008 100204s9999 xx 000 0 und d
082 _b10591
100 _aवैद्य सुरेश
245 _aनिष्पर्ण
260 _b"मधुर पब्लिकेशन , पुणे 2"
_c1985
300 _a290
630 _aनिष्पर्ण
730 _aनिष्पर्ण
942 _cBOOK
999 _c455027
_d455024